000 00396nam a2200181Ia 4500
005 20251020182541.0
008 200515s9999 xx 000 0 und d
082 _a741/C73
100 _aCOMMELERAN, Alberto
245 0 _aTécnica del dibujo
260 _aBarcelona
260 _c1971
300 _a220
500 _a1 ejemplar
650 _aDIBUJO TECNICO
650 _aLIB
942 _cLIB
999 _c2398
_d2398